Agua de otoño / (Record no. 137720)

MARC details
000 -LEADER
campo de control de longitud fija 00527nam a2200193 4500
001 - NÚMERO DE CONTROL
campo de control 137720
003 - IDENTIFICADOR DE NÚMERO DE CONTROL
campo de control ES-MaACL
005 - FECHA Y HORA DE LA ÚLTIMA TRANSACCIÓN
campo de control 20230906195428.0
007 - CAMPO FIJO DE DESCRIPCIÓN FÍSICA--INFORMACIÓN GENERAL
campo de control de longitud fija t|
008 - DATOS DE LONGITUD FIJA--INFORMACIÓN GENERAL
campo de control de longitud fija 070214s1951 sp r ||||1| spa d
100 1# - ENTRADA PRINCIPAL--NOMBRE DE PERSONA
Nombre de persona Salgado, Pragmacio.
9 (RLIN) 101898
245 10 - MENCIÓN DEL TÍTULO
Título Agua de otoño /
Mención de responsabilidad, etc. Pragmacio Salgado.
260 ## - PUBLICACIÓN, DISTRIBUCIÓN, ETC.
Lugar de publicación, distribución, etc. Madrid :
Nombre del editor, distribuidor, etc. [s. n.],
Fecha de publicación, distribución, etc. 1951 (
Fabricante Imp. Barrios)
300 ## - DESCRIPCIÓN FÍSICA
Extensión 75 p. ;
Dimensiones 15 cm.
490 1# - MENCIÓN DE SERIE
Mención de serie Versos del Sur
830 0# - PUNTO DE ACCESO ADICIONAL DE SERIE-TÍTULO UNIFORME
Título uniforme Versos del Sur
9 (RLIN) 220117
852 ## - LOCALIZACIÓN
Ubicación ES-MaACL
Número de control de estantería D-7979
Sublocalización o colección R.32232
Holdings
Estatus retirado Estado de pérdida Estado de daño No para préstamo Biblioteca de origen Biblioteca actual Ubicación en estantería Fecha de adquisición Fuente de adquisición Total de préstamos Signatura topográfica completa Código de barras Visto por última vez Precio de reemplazo Tipo de ítem Koha
        Biblioteca del Ateneo de Madrid Biblioteca del Ateneo de Madrid Sala Valle Inclán 17/01/2008     D-7979 901143315 23/02/2023 23/02/2023 Libro impreso